MARC details
| 000 -CABECERA |
| campo de control de longitud fija |
01550nam a22002417a 4500 |
| 003 - IDENTIFICADOR DEL NÚMERO DE CONTROL |
| campo de control |
DO-SdBNP |
| 005 - FECHA Y HORA DE LA ÚLTIMA TRANSACCIÓN |
| campo de control |
20230904134055.0 |
| 006 - CÓDIGOS DE INFORMACIÓN DE LONGITUD FIJA--CARACTERÍSTICAS DEL MATERIAL ADICIONAL |
| campo de control de longitud fija |
a||||gr|||| 00| 0 |
| 007 - CAMPO FIJO DE DESCRIPCIÓN FÍSICA--INFORMACIÓN GENERAL |
| campo de control de longitud fija |
ta |
| 008 - DATOS DE LONGITUD FIJA--INFORMACIÓN GENERAL |
| campo de control de longitud fija |
230807e1953 dr ac||| |||| 00| p spa d |
| 040 ## - FUENTE DE LA CATALOGACIÓN |
| Centro catalogador/agencia de origen |
DO-SdBNP |
| Lengua de catalogación |
spa |
| Centro/agencia transcriptor |
BNPHU |
| Normas de descripción |
rda |
| 082 #4 - NÚMERO DE LA CLASIFICACIÓN DECIMAL DEWEY |
| Número de edición |
22 |
| Número de documento/Ítem |
J61b |
| 100 1# - ENTRADA PRINCIPAL--NOMBRE DE PERSONA |
| Nombre de persona |
Moreno Jimenes, Domingo, |
| Fechas asociadas al nombre |
1894-1986 |
| 9 (RLIN) |
75550 |
| Término indicativo de función/relación |
autor |
| 245 10 - MENCIÓN DE TÍTULO |
| Título |
Bases del Instituto de la poesía Osvaldo Bazil de la Benemérita Ciudad de San Cristóbal. / |
| Mención de responsabilidad, etc. |
D. Moreno Jimenes |
| 264 #1 - PRODUCCIÓN, PUBLICACIÓN, DISTRIBUCIÓN, FABRICACIÓN Y COPYRIGHT |
| Producción, publicación, distribución, fabricación y copyright |
Ciudad Trujillo : |
| Nombre del de productor, editor, distribuidor, fabricante |
Instituto de Poesía Osvaldo Bazil, |
| Fecha de producción, publicación, distribución, fabricación o copyright |
1953 |
| 300 ## - DESCRIPCIÓN FÍSICA |
| Extensión |
15 páginas ; |
| Dimensiones |
23 cm |
| 336 ## - TIPO DE CONTENIDO |
| Fuente |
rdaconten |
| Término de tipo de contenido |
texto |
| Código de tipo de contenido |
txt |
| 337 ## - TIPO DE MEDIO |
| Fuente |
rdamedia |
| Nombre/término del tipo de medio |
sin medición |
| Código del tipo de medio |
n |
| 338 ## - TIPO DE SOPORTE |
| Fuente |
rdacarrier |
| Nombre/término del tipo de soporte |
volumen |
| Código del tipo de soporte |
nc |
| 500 ## - NOTA GENERAL |
| Nota general |
Quien sea impasible ante un lágrima humana no puede ser artista. el arte es lo más humano dentro de lo humano; y la poesía, que es la suma de todas las artes: las acústicas y las plásticas; las t; las terrenas y las etéreas, no puede ser una realidad cabal si el hombre no exprime su ser en ella hasta agotarse en la última pulsación de sus arterias. La poesía no es un sueño impalpable ni un suspiro vano: la poesía es la heroicidad mayor entre todas las grandes heroicidades de la tierra. Nadie puede evadirla ; nadie puede disentir de ella: se nos impone como una realidad mayor a la realidad mayor de nuestra vida. Por ella somo abnegados de la mayor abnegación y los mayores integrantes y desintegrantes a la vez en el concierto de la vida cósmica. |
| 590 ## - NOTA LOCAL (RLIN) |
| Nota local |
Inventariado 2023 / MF |
| 942 ## - ELEMENTOS DE PUNTO DE ACCESO ADICIONAL (KOHA) |
| Fuente del sistema de clasificación o colocación |
Dewey Decimal Classification |
| Tipo de ítem Koha |
Libro |